000 007250000a22002410004500
090 _aAR
_b03183
245 1 0 _aStudies on andean Compositae: VI
650 1 4 _aVegetación
_992799
650 1 4 _aBotánica
_9361
650 1 4 _aNuevas especies
_992905
650 1 4 _aTaxonomía vegetal
_992262
650 1 4 _aMorfología vegetal
_918295
650 1 4 _aPáramos
_992513
650 1 4 _aInventarios de vegetación
_993148
650 1 4 _aDistribución geográfica
_992997
651 4 _pEcuador
_992749
651 4 _pColombia
_992749
651 4 _pPerú
_992749
041 0 _aInglés
100 1 _aCuatrecasas, José
_911935
942 _cARTICULO
773 1 _tProceedings of the Biological Society of Washington
_341
_q127-156
_d1964
_g77
999 _c12238
_d12238